• 首页
  • 本馆介绍
  • 公告通知
  • 最新文献
  • 馆藏检索
  • 电子资源
  • 读者导购
  • 参考咨询
  • 我的图书馆
  • 登录
  • 详细信息显示
  • 放入我的书架
  • 预约/预借图书
  • 作者相关作品
  • 分类相关作品
  • 丛书相关作品
  • 出版社相关作品

书目信息

  • 表格格式
  • 工作单格式
  • 卡片格式
题名:
走上岗位
    
 
作者: 茅盾 著
分册:  
出版信息: 石家庄   花山文艺出版社  1984
页数: 163页
开本: 21cm
丛书名:
单 册:
中图分类: I246.57 , I246.5
科图分类:
主题词: 长篇小说--中国--现代
电子资源:
ISBN:
000 00629nam0 2200253 45
001 0184008877
005 20040422105124.4
010    @dCNY1.05
091    @a10286.115
100    @a19950531d1984 em y0chiy0121 ea
101 0  @achi
102    @aCN@b130000
105    @af z 000ay
106    @ar
200 10 @a走上岗位@Azou shang gang wei@f茅盾著
210    @a石家庄@c花山文艺出版社@d1984
215    @a163页@c图@d21cm
606    @a长篇小说@y中国@z现代
690    @aI246.57@v3
690    @aI246.5
701  0 @a茅盾@Amao dun@4著
801  0 @aCN@b上海图书馆@c20040422
801  2 @aCN@bNLC@c20040422
905    @dI246.5@e47
    
    走上岗位/茅盾著.-石家庄:花山文艺出版社,1984
    163页:图;21cm
    
    
    ISBN :CNY1.05
    
●
相关链接 在E读中查询图书 在五车中查询图书 在当当中查询图书 在豆瓣中查询图书


正题名:走上岗位     索取号:I246.5/47         预约/预借

序号 登录号 条形码 馆藏地/架位号 状态 备注
1 0119541   000097228   密集书库/ [索取号:I246.5/47] 在馆    
2 0119542   000097219   第二借阅区/ [索取号:I246.5/47] 在馆    
3 0119543   000097237   密集书库/ [索取号:I246.5/47] 在馆    
4 0119544   000097246   密集书库/ [索取号:I246.5/47] 在馆    
5 0119545   000097255   第一样本阅览室/ [索取号:I246.5/47] 在馆    
唐山师范学院图书馆 欢迎您!
大连网信软件有限公司© 版权所有